000 00718nmc a2200289 a 4500
003 AR-BaBNM
005 20251128211535.0
008 164120s1994 ||||||||||||||000 | spa||
020 _a8448800974
040 _cAR-BaBNM
100 1 _aGrimm, Jacob
245 1 0 _aHansel y Gretel
260 _aMadrid
_bBeascoa
_c1994
300 0 _a8 p.
_bil. col.
490 0 _aIlusión
_vv. 4
500 0 _aEdad sugerida: a partir de 3 años
650 4 _aCUENTOS
650 4 _aLIBROS PARA NINOS
650 4 _aLITERATURA INFANTIL
650 4 _aLITERATURA ALEMANA
650 4 _aADAPTACION
655 _aLITERATURA
700 1 _aGrimm, Wilhelm
700 1 _aGüell, F.
_eilustrador
942 _cBK
998 _cEugenia
999 _c20096
_d20096